000 00351nam a2200145Ia 4500
003 OSt
005 20240311112845.0
008 170523s9999 xx 000 0 und d
020 _a 978-8189928223
040 _cIIMT UNIVERSITY MEERUT
100 _aGaur- M.D.
245 0 _aEngineering Physics
260 _aNew Delhi: Dhanpat Rai
942 _2ddc
_c02
999 _c11706
_d11706